000 00587nam a2200241 a 4500
001 nice12345678
003 IN_TiNIC
005 20260116011814.0
008 050524s0000 luca grp 000 0 urd
020 _a
_c100
082 0 0 _a297.61
_bALT
100 _aAltafurrahman,
245 _aAhwal-I-Ulama-I-Farangi Mahal
260 _aLucknow
_bMujtabai Presslucknow
_c0000
300 _a84p
500 _aincludes index and biblioraphy
505 2 _aReserve
650 _aIslam-Biography-Ulama
700 1 _aAltafurrahman,
902 _bSRS
942 _cBK
999 _c4102
_d4102